| 000 | 00651nam a22001577a 4500 | ||
|---|---|---|---|
| 003 | OSt | ||
| 005 | 20151203095616.0 | ||
| 008 | 151203b xxu||||| |||| 00| 0 eng d | ||
| 040 | _cRUA | ||
| 082 | _aFIS AO 2008 B180 Or.1 | ||
| 100 |
_94190 _aAO, VEASNA. |
||
| 245 | _aMonitoring fish migration through stung chinit fish pass kompong thom province, ការតាមដានប្រភាទត្រីបំលាស់ទីឆ្លងកាត់សំណង់ជណ្ដើរត្រីនៅស្ទឹងជីនិត ខេត្តកំពង់ធំ | ||
| 260 |
_aPhnom Penh _bRUA _c2008 |
||
| 300 | _axi; 45p. | ||
| 942 |
_2ddc _cFIS |
||
| 999 |
_c3904 _d3904 |
||